000
00339nam a2200157Ia 4500
003
OSt
005
20231215111018.0
008
170524s9999 xx 000 0 und d
020
_a
8120327764
040
_c
IIMT
100
_a
Khan Anwar A
245
2
_a
A First Course in Electronics
260
_b
PHI
260
_c
2006
942
_2
ddc
_c
02
999
_c
5111
_d
5111